De la vida internacional / (Record no. 186772)
[ view plain ]
| 000 -LEADER | |
|---|---|
| campo de control de longitud fija | 00757nam a2200193 i 4500 |
| 001 - NÚMERO DE CONTROL | |
| campo de control | 186772 |
| 003 - IDENTIFICADOR DE NÚMERO DE CONTROL | |
| campo de control | ES-MaACL |
| 005 - FECHA Y HORA DE LA ÚLTIMA TRANSACCIÓN | |
| campo de control | 20250902063119.0 |
| 008 - DATOS DE LONGITUD FIJA--INFORMACIÓN GENERAL | |
| campo de control de longitud fija | 170214s1916 cu |||| | spa d |
| 080 ## - NÚMERO DE LA CLASIFICACIÓN DECIMAL UNIVERSAL | |
| Número de la Clasificación Decimal Universal | 821.134.2(729.1)-82"18" |
| 100 1# - ENTRADA PRINCIPAL--NOMBRE DE PERSONA | |
| Nombre de persona | Castellanos, Jesús, |
| Fechas asociadas al nombre | 1879-1912 |
| 9 (RLIN) | 36525 |
| 245 10 - MENCIÓN DEL TÍTULO | |
| Título | De la vida internacional / |
| Mención de responsabilidad, etc. | Jesús Castellanos. |
| 260 ## - PUBLICACIÓN, DISTRIBUCIÓN, ETC. | |
| Lugar de publicación, distribución, etc. | [Habana] : |
| Nombre del editor, distribuidor, etc. | Academia Nacional de Artes y Letras, |
| Fecha de publicación, distribución, etc. | 1916 ( |
| Fabricante | Imp. "El Siglo XX" de Aurelio Miranda) |
| 300 ## - DESCRIPCIÓN FÍSICA | |
| Extensión | 397 p. ; |
| Dimensiones | 21 cm. |
| 490 1# - MENCIÓN DE SERIE | |
| Mención de serie | Colección póstuma publicada por la Academia Nacional de Artes y Letras ; |
| Designación de volumen o secuencia | 3 |
| 830 00 - PUNTO DE ACCESO ADICIONAL DE SERIE-TÍTULO UNIFORME | |
| Título uniforme | Colección póstuma publicada por la Academia Nacional de Artes y Letras |
| Designación de volumen o secuencia | 3 |
| 9 (RLIN) | 192595 |
| 852 ## - LOCALIZACIÓN | |
| Ubicación | ES-MaACL |
| Número de control de estantería | F-3453 |
| Estatus retirado | Estado de pérdida | Estado de daño | No para préstamo | Biblioteca de origen | Biblioteca actual | Ubicación en estantería | Fecha de adquisición | Fuente de adquisición | Total de préstamos | Signatura topográfica completa | Código de barras | Visto por última vez | Precio de reemplazo | Tipo de ítem Koha |
|---|---|---|---|---|---|---|---|---|---|---|---|---|---|---|
| Biblioteca del Ateneo de Madrid | Biblioteca del Ateneo de Madrid | Depósito 2 | 14/02/2017 | F-3453 | 1197008 | 23/02/2023 | 23/02/2023 | Libro impreso |
